Náramky s mozaikovým navliekaním

Bibliographic Details
Main Author: Vincze, Eszter (Author)
Other Authors: Némethová, Erika (Translator)
Format: Book
Language:Slovak
Hungarian
PhysicalDescription:32 s. fareb. fotogr. 20 cm
Published: Veľký Meder Talentum 2010
ISBN:9788081230059
Edition:1. vyd.
Series:Z dielne DaVinci
Subjects:

MARC

LEADER 00000cam a2200000 a 4500
001 vtls010191561
003 SK-MaSNL
005 20260302081827.0
008 251029s2010 xo o g 000 0 slo
015 |a SNBA2011/02-01075 
020 |a 9788081230059  |q (brož.) 
040 |a SNK  |b slo  |c SNK  |e AACR2 
041 1 |a slo  |h hun 
044 |a xo  |c SK 
072 7 |a 74  |x Kresba. Umelecké remeslá  |2 konspekt 
072 7 |a 688  |x Dekoračné predmety. Hračky. Galantéria  |2 konspekt 
080 |a 746  |2 2001 
080 |a 666.27  |2 2001 
080 |a 391.7  |2 2001 
080 |a (035)  |2 2001 
100 1 |a Vincze, Eszter  |4 aut  |9 475956 
240 1 0 |a Peyote karkötók  |l Slovensky 
245 1 0 |a Náramky s mozaikovým navliekaním  |c Eszter Vinczeová; [preklad Erika Némethová] 
250 |a 1. vyd. 
260 |a Veľký Meder  |b Talentum  |c 2010 
300 |a 32 s.  |b fareb. fotogr.  |c 20 cm 
490 1 |a Z dielne DaVinci  |v 66 
500 |a Prel. pravdepodobne z maď. 
650 0 7 |a ručné práce  |2 SNKPH  |9 3095 
650 0 7 |a korálky  |2 SNKPH  |9 73973 
650 0 7 |a náramky  |2 SNKPH  |9 427233 
650 0 7 |a módne ozdoby  |2 SNKPH  |9 74160 
655 7 |a príručky  |2 SNKPH  |9 74364 
700 1 |a Némethová, Erika  |4 trl  |9 299886 
830 0 |a Z dielne DaVinci  |9 317320 
852 |a Štátna vedecká knižnica v Banskej Bystrici 
919 |a 978-80-8123-005-9 
958 |a OP 
968 |b MAG  |d 73/77 
999 |c 1177955  |d 1179885 
952 |a SNK  |b SNK  |y PREZ  |7 0  |p 17A0681290  |o snkSD 79721  |i snk2010/26443  |8 0  |0 0  |1 0  |4 0  |d 2010-11-30  |l 0  |r 2025-11-27 00:00:00  |w 2026-02-24 
952 |a SNK  |b SNK  |y VYP  |7 0  |p 17A0681289  |o snkSD 79721 D1  |i snk2010/26445  |8 0  |0 0  |1 0  |4 0  |d 2010-11-30  |l 0  |r 2017-06-30 00:00:00  |w 2026-02-24